00471nam a2200121Ia 4500008004100000100002500041245014000066245002500206260005900231650001800290650001500308856002600323170221s9999 xx 000 0 und d aAsmamaw Addis Amera. aAppraisal of Mass Media in Reporting Domestic Research Results: Ethiopian News Agency (ENA) and Walta Information Center (WIC) in Focus cAsmamaw Addis Amera. bOnline Journal of Communication and Media Technologies xCommunication xMedia Arts uhttp://www.ojcmt.net/